Quiz do Acre - Statistics

Estatísticas Gerais
  • Esse quiz foi jogado 154 vezes
  • A pontuação média é 7 de 17
Estatísticas das Respostas
Dica Resposta % Correto
Capital Rio Branco
99%
Estados brasileiros fazendo fronteira com o Acre Amazonas
90%
Antes do Brasil, o Acre fazia parte deste país Bolívia
83%
Estados brasileiros fazendo fronteira com o Acre Rondônia
77%
País fazendo na fronteira do acima Peru
75%
O único estado brasileiro com um PIB nominal menor do que à do Acre Roraima
68%
Antes de virar um estado em 1920, o Acre era um(a) ... Território
41%
Segundo maior município Cruzeiro do Sul
38%
Ambientalista acriano que recebeu o Global 500 da ONU, assassinado em 1988 Chico Mendes
32%
Maior grupo étnico Pardo
26%
Governador atual Gladson Cameli
19%
Rios mais longos Purus
19%
Rios mais longos Juruá
18%
O único parque nacional do estado Serra do {Divisor}
18%
Primeiro governador José Plácido de Castro
11%
Compositor famoso de Bossa Nova João Donato
5%
Advogado que liderou a Revolução Acriana contra o país acima José de Carvalho
4%
Nenhum quiz correspondente encontrado
Distribuição das Pontuações
Porcentagem de Pessoas com Cada Pontuação
Percentil de Números Respondidos
Sua Pontuação Histórica
Você não jogou esse quiz